000 00860nam a22002535 4500
001 66882
003 ES-MaACL
005 20230906165857.0
007 t|
008 030917m20022006sp ||||0| spa d
020 _a978-84-611-4906-3
040 _aM-BN
_bspa
_cM-BN
080 _a061.22(460.353 S.)(091)
080 _a929(460.353)
245 0 0 _aDiccionario de ateneístas de Sevilla /
_c[dirección, Enrique Barrero González].
260 _aSevilla :
_bAteneo de Sevilla,
_c2002-2006.
300 _a4 v. :
_bil. ;
_c28 cm.
500 _aTítulo del vol. [IV] : Índice general de los diccionarios de ateneístas I, II, III.
610 2 4 _aAteneo de Sevilla-
_vHistoria.
_92029
650 4 _aSevillanos-
_xBiografías.
_917074
700 1 _aBarrero González, Enrique.
_925944
710 2 _aAteneo de Sevilla.
_92028
852 _aES-MaACL
_jL-29590-93
999 _c66882
_d66882